| 000 | 01547cam a2200253 4500 | ||
|---|---|---|---|
| 001 | ABS67891 | ||
| 008 | 040618n2004 000 0 eng u | ||
| 035 | _a(Sirsi) u126509 | ||
| 100 | _aClayfield, R. | ||
| 245 | 2 | _aA safer workplace | |
| 260 | _c2004 | ||
| 490 |
_aEstates Gazette _v(0420) 15 May 2004, 161(1) |
||
| 520 | _aLooks at strict new rules to be introduced by the HSE, aimed at reducing the high rate of fatal accidents in the construction industry. The HSE is targeting three main areas, including falls from height and employee transportation. Larger fines are proposed for offences and a new offence of corporate killing is to be introduced. Recommends that directors and managers become more proactive and ensure all risk assessments, method statements etc., are prepared, implemented and updated, to help reduce the number of workplace deaths and injuries. These measures will eventually save time and money and protect business reputation. The European Agency for Health and Safety at Work (EASHW) is also proposing to concentrate on the construction industry. More information on the EASHW is available from http://europe.osha.eu.int/. | ||
| 590 | _aABS | ||
| 590 | _aABS | ||
| 650 | _aACCIDENT RATE | ||
| 650 | _aFATAL ACCIDENTS | ||
| 650 | _aCORPORATE KILLING | ||
| 650 | _aCORPORATE MANSLAUGHTER | ||
| 690 | _aBUILDING AND CONSTRUCTION-HEALTH AND SAFETY | ||
| 856 |
_ahttp://europe.osha.eu.int/ _zView the EASHW website... |
||
| 856 |
_ahttp://europe.osha.eu.int/ _zView the EASHW website... |
||
| 942 | _n0 | ||
| 999 |
_c117543 _d117543 |
||